000 00674 a2200217 4500
001 60969
005 20260407155900.0
008 260407a1996 arg spa d
003 AR-UNSa-BCEJYS
040 _aAR-UNSa-BCEJYS
_bspa
_cAR-UNSa-BCEJYS
080 _a342.4
_xConstituciones. Asambleas legislativas. Asambleas nacionales (Reforma...)
245 1 0 _aLa Constitución Argentina de nuestro tiempo
020 _a978-950-9385-66-5
264 1 _aBuenos Aires :
_bEdiciones Ciudad Argentina
_c1996
300 _a439 p.
_c24 cm.
041 _aspa
942 _cBK
590 _aniveau_biblio:m niveau_hierar:0
100 1 _aDromi, José Alberto
700 1 _aSáenz, Jorge
999 _c7159
_d7159